000 01875cam a2200397 a 4500
001 15185814
005 20221011114959.0
008 080219s2008 njuab b 001 0 eng
010 _a 2008007563
015 _aGBA896088
_2bnb
016 7 _a014685650
_2Uk
020 _a9780691136080 (cloth : alk. paper)
020 _a0691136084 (cloth : alk. paper)
020 _a9780691136097 (pbk. : alk. paper)
020 _a0691136092 (pbk. : alk. paper)
035 _a(OCoLC)ocn196312119
035 _a(OCoLC)196312119
040 _aDLC
_cDLC
_dDLC
043 _aa-cc---
050 0 0 _aDS737
_b.F73 2008
082 0 0 _a327.51
_bFRA
100 1 _aFravel, M. Taylor,
_d1971-
_999831
245 1 0 _aStrong borders, secure nation :
_bcooperation and conflict in China's territorial disputes /
_cM. Taylor Fravel.
260 _aPrinceton :
_bPrinceton University Press,
_cc2008.
300 _axvi, 376 p. :
_bill., maps ;
_c24 cm.
440 0 _aPrinceton studies in international history and politics
_999832
504 _aIncludes bibliographical references (p. [335]-361) and index.
505 0 _aIntroduction -- Cooperation and escalation in territorial disputes -- Cooperation in frontier disputes in the 1960s -- Cooperation in frontier disputes in the 1990s -- Escalation in frontier disputes -- Homeland disputes -- Offshore island disputes -- Conclusion -- Appendix: origins of China's territorial disputes -- Bibliography -- Index.
651 0 _aChina
_xBoundaries.
_999833
651 0 _aChina
_xForeign relations
_y1949-
_999834
651 0 _aChina
_xPolitics and government
_y1949-
_912517
856 4 1 _3Table of contents only
_uhttp://www.loc.gov/catdir/toc/ecip0811/2008007563.html
906 _a7
_bcbc
_corignew
_d1
_eecip
_f20
_gy-gencatlg
942 _2ddc
_cBK
999 _c591669
_d591669